English Football Crests - Statistics

General Stats
  • This quiz has been taken 5,823 times
    3,477 since last reset
  • The average score is 22 of 43
Answer Stats
Hint Answer % Correct
A devil underneeth a three mast ship surrounded by scrolls containing club name Manchester United
96%
An old cannon with a large spoked wheel Arsenal
83%
A cockerel standing on a football Tottenham
83%
A shield with the tilted letters FFC in a column down the middle Fulham
76%
A Liver Bird standing on a football Liverpool
74%
A crossed pair of rivet hammers West Ham
74%
A Swan Swansea City
72%
Two seahorses surround a black and white shield with a castle tower on top Newcastle
70%
A blue and white horizontally striped shield below a football and crown with a banner underneath reading "Loftus Road, London, 1882" Queens Park Rangers
68%
A red, and blue trimmed shield. Inside is a bluebird. Under the banner is a Welsh dragon Cardiff City
66%
The top of Prince Rupert's Tower in a blue shield with the numbers 18 and 78 on either side. Underneath, a banner reads the latin phrase "Nil Satis Nisi Optimum". Everton
65%
A blue ceremonial lion holding a staff inside of circle with club name Chelsea
63%
A canary standing on a football in the foreground. Upper left hand corner has crest from the city crest where the club is located. Norwich City
63%
A hexagonal orange and black shield with a black Wolf face in the center. Wolverhampton Wanderers
62%
A blue eagle swoops down to perch on a football at the top of this once standing famous London Landmark which lends its name to the club. Crystal Palace
61%
A shield with an orange tiger's face and the year 1904 below Hull City
61%
A blue and yellow shield with the white rose of York in the upper part. The letters LUFC descend vertically down the middle. Leeds United
60%
A red outline of a tree and wavy landscape. The word "Forest" underneeth Nottingham Forest
60%
Red and white vertical striped shield with club name at top and 1863 at the bottom. Banner underneeth reads "The Potters". Stoke City
60%
A 3-mast ship surround by a white circle containing the club's name Manchester City
58%
A circular blue and white badge with a fox's face in front of a white flower. Club name bordering the circular banner Leicester City
57%
A blue outline of an owl with SWFC and 1867 underneath. Sheffield Wednesday
56%
A circular crest with the club's name on the perimeter. The middle contains a seagull in front of a blue background Brighton and Hove Albion
52%
A throstle sitting on a hawthorne branch on a blue and white vertically striped shield West Bromwich Albion
52%
The letters BWFC are compacted into a circle shape. Red and Blue streamers trail off from under them. Bolton Wanderers
51%
A black and white circular crest with the club's name. In the middle, a ram with "Est. 1884" underneeth Derby County
49%
A black circle bordered by red containing the club name and 1889. In the black circle is the white rose of York and two crossing blades. Sheffield United
49%
A globe and a football stacked vertically with a banner bearing the clubs name wrapped around them. Birmingham City
41%
A terrier surround by blue heraldry atop of a mantling. A shield near the bottom of the crest displayed two yorkshire white roses and the Castle Hill landmark Huddersfield Town
40%
A Lancashire red rose surrounded by a circle containing club name. At the bottom is the latin phrase "Arte et Labore." Blackburn Rovers
39%
A black and yellow pentagon with the clubs name on a banner above and a red moose's head in the middle of the pentagon Watford
39%
A football with a halo over a red and white scarf over a shield with a tree, a river, and a white rose. Southampton
38%
Two black lions on either side of a quartered red and white shield. Two of the quarters contain local landmarks Penshaw Monument and Wearmouth Bridge. Sunderland
38%
A golden lion against a light blue background with the word "prepared" underneeth Aston Villa
37%
Star & Crescent on a blue background Portsmouth
33%
A red, white, and blue crest with the turrets of the Wolsey Gate on the top. The club's name is then below a Suffolk Punch horse with a football Ipswich Town
32%
A red and black shield depicting a white silhouette of a man heading a ball AFC Bournemouth
31%
A tree with a crown at the base along with the year 1932. Blue stripes on either side. Surrounded by a circle with club name. Wigan Athletic
27%
A black circular border containing the club's name. Inside, a white arm holding a sword in front of a red background Charlton Athletic
25%
A circular crest with a football in the middle. Quartered sections of the circle include two solid red sections and two blue and white striped ones. In one red segment, a crown. In the other red segment, a Maiwand Lion. Reading
25%
A crest with a blue and white background containing the club name, the year 1895, and an owl Oldham Athletic
20%
A red and white crest containing a red lion rampant. Banner underneeth says the club's name and the year 1876 Middlesbrough
17%
A shield contains an open hand, a zig zag line said to represent the River Brun, a lion rampart, and some bees. On top, sits a stork with feathers in its mouth and below the shield, a banner with the clubs name Burnley
11%
No matching quizzes found
Score Distribution
Percent of People with Each Score
Percentile by Number Answered
Your Score History
You have not taken this quiz since the last reset